00378nam a2200157Ia 4500003000400000005001700004008004100021040000700062041000800069082001700077100001900094245004300113260004000156300001100196365001300207OSt20230419092759.0210423s2010 xx 000 0 und d cAL aeng a658 CHHT223 aCHHABRA (T N). aPrinciples and practice of management. aNew DelhibDhanpat Rai and Coc2010 axv,907 b200cINR